Immunology in surgical practice : (Record no. 1455)
[ view plain ]
| 000 -LEADER | |
|---|---|
| fixed length control field | 00847nam a2200289 a 4500 |
| 003 - CONTROL NUMBER IDENTIFIER | |
| control field | ALUPE UNIVERSITY |
| 005 - DATE AND TIME OF LATEST TRANSACTION | |
| control field | 20210628075948.0 |
| 008 - FIXED-LENGTH DATA ELEMENTS--GENERAL INFORMATION | |
| fixed length control field | 500101s1991 enk 000 0 eng d |
| 020 ## - INTERNATIONAL STANDARD BOOK NUMBER | |
| International Standard Book Number | 0340541075 |
| 040 ## - CATALOGING SOURCE | |
| Transcribing agency | ALUPE UNIVERSITY |
| 050 #0 - LIBRARY OF CONGRESS CALL NUMBER | |
| Classification number | QR181 |
| Item number | 1991 |
| 080 ## - UNIVERSAL DECIMAL CLASSIFICATION NUMBER | |
| Universal Decimal Classification number | 576.8.097 |
| 092 ## - LOCALLY ASSIGNED DEWEY CALL NUMBER (OCLC) | |
| Classification number | D0400821242 |
| 245 00 - TITLE STATEMENT | |
| Title | Immunology in surgical practice : |
| Remainder of title | an introduction for surgeons / |
| Statement of responsibility, etc. | edited by A.V. Pollock with Mary Evans. |
| 260 ## - PUBLICATION, DISTRIBUTION, ETC. | |
| Place of publication, distribution, etc. | London : |
| Name of publisher, distributor, etc. | Edward Arnold, |
| Date of publication, distribution, etc. | 1991. |
| 300 ## - PHYSICAL DESCRIPTION | |
| Extent | x, 393 p. |
| 650 #0 - SUBJECT ADDED ENTRY--TOPICAL TERM | |
| Topical term or geographic name entry element | Immune response |
| 700 1# - ADDED ENTRY--PERSONAL NAME | |
| Personal name | Pollock, Alan. |
| 700 1# - ADDED ENTRY--PERSONAL NAME | |
| Personal name | Evans, Mary, |
| Dates associated with a name | 1939- |
| 942 ## - ADDED ENTRY ELEMENTS (KOHA) | |
| Source of classification or shelving scheme | |
| Koha item type | Book |
| Suppress in OPAC | PW |
| Withdrawn status | Lost status | Source of classification or shelving scheme | Damaged status | Not for loan | Permanent Location | Current Location | Shelving location | Date acquired | Total Checkouts | Full call number | Barcode | Date last seen | Price effective from | Koha item type | Public note |
|---|---|---|---|---|---|---|---|---|---|---|---|---|---|---|---|
| AU LIBRARY | AU LIBRARY | Open Shelf | 28.06.2021 | QR181 1991 | 28002066 | 28.06.2021 | 28.06.2021 | Book | PW |